000 00809nam a22001697a 4500
999 _c64182
_d64182
003 Ge_BSU
005 20260427112156.0
008 260427s1963 ge ||||| |||| 00| 0 geo d
041 _ageo
080 _a664.05 ღ-32
100 _aღაღანიძე, მ.
_927379
245 _aახალი ტექნიკის ეკონომიური ეფექტიანობის ზოგიერთი საკითხი (კვების მრეწველობაში) /
_cმ. ღაღანიძე.
264 _aთბილისი :
_bსაბჭ. საქართველო,
_c1963.
300 _a50 გვ. ;
_b20 სმ.
653 _aკვების მრეწველობის მოწყობილობები
942 _2udc
_cᲬᲘᲒᲜᲘ